| 000 | 00606nam a22001817a 4500 | ||
|---|---|---|---|
| 005 | 20170808165114.0 | ||
| 010 | _aENG-119182 | ||
| 020 |
_c300.00 _a978818465070 |
||
| 035 | _aEN-102714 | ||
| 037 | _bDBAD/PUB | ||
| 082 | _a280.66 | ||
| 100 | _aKalluveettilo,Paul | ||
| 245 |
_aMission and evangelization : _cby Paul Kalluveettilo _bBiblical perspectives / |
||
| 260 |
_aDelhi _bThe Indian Society for Promoting Christian Knowlewdge(ISPCK)) _c2015 |
||
| 270 |
_a1585,1654 Madarsa Road Kashmere Gate _bDelhi _e110006 |
||
| 300 |
_axv,231p. _c22cm(pbk) |
||
| 942 |
_2ddc _cEN _mKAL _h280.66 |
||
| 999 |
_c143170 _d143170 |
||